| 000 | 00485nam a2200181Ia 4500 | ||
|---|---|---|---|
| 008 | 151202s9999||||xx |||||||||||||| ||und|| | ||
| 082 | _bPNVM-24654 | ||
| 100 | _aGARAN D.G. | ||
| 245 | _aTHE PARADOX OF PLEASURE & RELATIVITY. | ||
| 260 | _b"PRILASOPPIED,NEW YOUK." | ||
| 260 | _c1963 | ||
| 300 | _a499 | ||
| 600 | _aGARAN D.G. | ||
| 630 | _aTHE PARADOX OF PLEASURE & RELATIVITY. | ||
| 700 | _aGARAN D.G. | ||
| 730 | _aTHE PARADOX OF PLEASURE & RELATIVITY. | ||
| 942 | _cBOOK | ||
| 999 |
_c1290626 _d1290623 |
||